00519nam a22001697a 450000500170000000800410001702000260005803500120008404000130009610000300010924500820013926000470022130000270026870000200029570000170031570000170033220120128175147.0120128t xxu||||| |||| 00| 0 eng d a8187631813cRs 150.00 aB-10407 aDPLbENG aRaizada, G. R. and others aArchana's N.T.S.C. guide :bBased on latest syllabuscby G. R. Raizada et al. aGurgaonbArchna Publication (p) Ltd.c2001 avarious pagesc26 cms. aMalhotra, S. K. aBatra, J. K. aBajaj, S. K.